Guess the country of each Miss World titleholder - Statistics

General Stats
  • This quiz has been taken 5 times
  • The average score is 61 of 74
Answer Stats
Picture Answer % Correct
Argentina
100%
Australia
100%
Australia
100%
Austria
100%
Austria
100%
Bermuda
100%
Brazil
100%
China
100%
China
100%
Finland
100%
France
100%
Germany
100%
Greece
100%
India
100%
India
100%
Netherlands
100%
Netherlands
100%
Puerto Rico
100%
Puerto Rico
100%
Russia
100%
Russia
100%
South Africa
100%
South Africa
100%
Spain
100%
Sweden
100%
Sweden
100%
Sweden
100%
United Kingdom
100%
United Kingdom
100%
United Kingdom
100%
United Kingdom
100%
United Kingdom (resigned)
100%
United States
100%
United States
100%
United States
100%
Venezuela
100%
Venezuela
100%
Venezuela
100%
Venezuela
100%
Venezuela
100%
Argentina
67%
Czech Republic
67%
Czech Republic
67%
Dominican Republic
67%
Gibraltar
67%
Grenada
67%
Guam
67%
Iceland
67%
Iceland
67%
Iceland
67%
India
67%
India
67%
India
67%
India
67%
Ireland
67%
Israel
67%
Jamaica
67%
Jamaica
67%
Jamaica
67%
Jamaica
67%
Mexico
67%
Nigeria
67%
Peru
67%
Peru
67%
Philippines
67%
Poland
67%
Poland
67%
South Africa
67%
Thailand
67%
Turkey
67%
Venezuela
67%
Egypt
33%
Trinidad and Tobago
33%
Germany (resigned)
0%
No matching quizzes found
Score Distribution
Percent of People with Each Score
Percentile by Number Answered
Your Score History
You have not taken this quiz